[Event "FSV-ch 2013"]
[Site "Dortmund"]
[Date "2013.06.06"]
[Round "8.4"]
[White "Grube, Jörg"]
[Black "Jost, Udo"]
[Result "0-1"]
[WhiteElo "1801"]
[BlackElo "1857"]
[PlyCount "64"]
[EventDate "2013.??.??"]

1. f4 c5 2. Nf3 Nf6 3. e3 a6 4. Be2 e6 5. O-O Nc6 6. b3 Qc7 7. Bb2 Be7 8. d3 h5
9. Ne5 Nd8 10. Nd2 d6 11. Nec4 b5 12. Na3 Bb7 13. Nf3 Ng4 14. Qd2 Bf6 15. Bxf6
gxf6 16. c4 b4 17. Nc2 Nc6 18. a3 bxa3 19. Rxa3 Ke7 20. h3 Rag8 21. hxg4 hxg4
22. b4 gxf3 23. Bxf3 Nxb4 24. Nxb4 Bxf3 25. Rxf3 Qb7 26. Rxa6 Qxf3 27. Nc6+ Kd7
28. Nb8+ Ke8 29. Rxd6 Rxg2+ 30. Qxg2 Qxe3+ 31. Kf1 Qxf4+ 32. Kg1 Qxd6 0-1

[Event "FSV-ch 2013"]
[Site "Dortmund"]
[Date "2013.06.06"]
[Round "8.5"]
[White "Guddat, Jörn"]
[Black "Schütz, Ralf"]
[Result "1/2-1/2"]
[WhiteElo "1770"]
[BlackElo "1881"]
[PlyCount "41"]
[EventDate "2013.??.??"]

1. d4 Nf6 2. c4 e6 3. g3 d5 4. Nf3 dxc4 5. Bg2 Nbd7 6. Qc2 Nb6 7. O-O Nfd5 8.
a3 Bd7 9. Nc3 Nxc3 10. Qxc3 Bc6 11. Re1 Qd5 12. Nh4 Qb5 13. e4 O-O-O 14. Nf3
Na4 15. Qc2 f6 16. Bh3 Bd7 17. Nd2 Nb6 18. Bf1 {(=)} 18... Qa4 19. Qc3 Bb5 20.
Bh3 Bd7 21. Bf1 1/2-1/2

[Event "FSV-ch 2013"]
[Site "Dortmund"]
[Date "2013.06.06"]
[Round "8.6"]
[White "Bommert, Christian"]
[Black "Khess, Roman"]
[Result "1/2-1/2"]
[WhiteElo "1752"]
[BlackElo "1617"]
[PlyCount "35"]
[EventDate "2013.??.??"]

1. f4 Nf6 2. Nf3 g6 3. g3 Bg7 4. Bg2 d6 5. O-O O-O 6. d3 Nc6 7. e4 Bg4 8. c3
Qc8 9. Na3 e5 10. Qe1 Nh5 11. Nh4 exf4 12. gxf4 Bh3 13. Nc2 Bxg2 14. Nxg2 f5
15. exf5 Qxf5 16. Qd1 Qd7 17. Nce3 Ne7 18. Qb3+ {(=)} 1/2-1/2

[Event "FSV-ch 2013"]
[Site "Dortmund"]
[Date "2013.06.06"]
[Round "8.7"]
[White "Sonntag, Joachim"]
[Black "Dite, Alexander"]
[Result "1/2-1/2"]
[WhiteElo "1777"]
[BlackElo "1695"]
[PlyCount "67"]
[EventDate "2013.??.??"]

1. e4 c6 2. d4 d5 3. e5 c5 4. dxc5 e6 5. Be3 Nh6 6. Bb5+ Nd7 7. c6 bxc6 8. Bxc6
Rb8 9. b3 Nf5 10. Qd3 Nxe3 11. Qxe3 Qc7 12. Bxd7+ Bxd7 13. Ne2 Bc5 14. Qg3 O-O
15. O-O Bb5 16. Re1 Rfc8 17. Nf4 d4 18. a3 Qa5 19. Rd1 Bf8 20. b4 Bxb4 21. axb4
Qxa1 22. Nh5 g6 23. Nf6+ Kg7 24. Qh4 h6 25. Ng4 Rh8 26. Qf6+ Kg8 27. Qe7 Ba4
28. Re1 Bxc2 29. Qc7 Bxb1 30. Qxb8+ Kg7 31. Qc7 Qb2 32. Qe7 h5 33. Qf6+ Kg8 34.
Qd8+ 1/2-1/2

[Event "FSV-ch 2013"]
[Site "Dortmund"]
[Date "2013.06.06"]
[Round "8.10"]
[White "Gennat, Egon L"]
[Black "Nettbohl, Werner"]
[Result "1-0"]
[WhiteElo "1430"]
[BlackElo "1516"]
[PlyCount "33"]
[EventDate "2013.??.??"]

1. d4 d5 2. Nf3 Nf6 3. e3 e6 4. Bd3 Bd6 5. Nbd2 c6 6. O-O Nbd7 7. b3 O-O 8. Bb2
h6 9. Ne5 Qc7 10. f4 Re8 11. g4 Nf8 12. h4 N6d7 13. g5 hxg5 14. hxg5 f6 15.
Nxd7 Nxd7 16. Qh5 f5 17. Qxe8+ 1-0

[Event "FSV-ch 2013"]
[Site "Dortmund"]
[Date "2013.06.06"]
[Round "8.11"]
[White "Boeck, Matthias"]
[Black "Vogt, Christian"]
[Result "1-0"]
[WhiteElo "1642"]
[BlackElo "1540"]
[PlyCount "47"]
[EventDate "2013.??.??"]

1. f4 Nf6 2. Nf3 g6 3. g3 d5 4. Bg2 Bg7 5. O-O c5 6. d3 O-O 7. Qe1 Nc6 8. c3
Qc7 9. e4 dxe4 10. dxe4 e5 11. Na3 Re8 12. Nh4 b6 13. f5 Ba6 14. Rf2 Ng4 15.
Rf3 Qe7 16. h3 Nf6 17. Bg5 Rad8 18. Bf1 Bxf1 19. Qxf1 Rf8 20. Re1 Qd6 21. Nc4
Qe7 22. Ne3 Qd6 23. Rd1 Qe7 24. Nd5 1-0

[Event "FSV-ch 2013"]
[Site "Dortmund"]
[Date "2013.06.06"]
[Round "8.12"]
[White "Reinacher, Detlev"]
[Black "Link, Werner"]
[Result "1/2-1/2"]
[WhiteElo "1542"]
[BlackElo "1402"]
[PlyCount "20"]
[EventDate "2013.??.??"]

1. Nf3 Nf6 2. d3 d5 3. g3 g6 4. Bg2 c6 5. c3 Bg7 6. Nbd2 O-O 7. O-O Nbd7 8. Qc2
Qc7 9. a3 e5 10. e4 a6 1/2-1/2

[Event "FSV-ch 2013"]
[Site "Dortmund"]
[Date "2013.06.06"]
[Round "8.13"]
[White "Gerke, Dieter"]
[Black "Rzoczek, Christoph"]
[Result "0-1"]
[WhiteElo "1478"]
[BlackElo "1553"]
[PlyCount "48"]
[EventDate "2013.??.??"]

1. d4 Nf6 2. c4 c6 3. Nc3 d5 4. Nf3 e6 5. Bg5 Nbd7 6. e3 Be7 7. cxd5 exd5 8.
Bd3 O-O 9. Qc2 h6 10. h4 Re8 11. O-O-O b5 12. Kb1 b4 13. Na4 Nb6 14. Ne5 Ne4
15. Bxe7 Qxe7 16. Nxc6 Qd6 17. Bxe4 Nxa4 18. Bxd5 Nc3+ 19. bxc3 Qxd5 20. Nxb4
Qb5 21. Ka1 a5 22. Qd3 Qa4 23. Nd5 Ba6 24. Nb6 Qc6 0-1

[Event "FSV-ch 2013"]
[Site "Dortmund"]
[Date "2013.06.06"]
[Round "8.14"]
[White "Wickenfeld, Udo"]
[Black "Yangibayev, Rustam"]
[Result "0-1"]
[WhiteElo "1348"]
[BlackElo "1468"]
[PlyCount "84"]
[EventDate "2013.??.??"]

1. Nf3 d5 2. d4 Nf6 3. g3 g6 4. b3 Bg7 5. Bb2 Bg4 6. Bg2 c5 7. Nbd2 cxd4 8.
Bxd4 O-O 9. O-O Nc6 10. Bb2 Rc8 11. Rc1 Re8 12. c4 d4 13. h3 Bf5 14. Re1 e5 15.
Nh4 Be6 16. a3 Qd7 17. Kh2 Bh6 18. e4 Na5 19. Rc2 Nc6 20. g4 Bf4+ 21. Kh1 h5
22. Bf3 hxg4 23. hxg4 Nxg4 24. Nf1 Kg7 25. Kg1 Rh8 26. Ng2 g5 27. Bc1 Rh3 28.
Nxf4 gxf4 29. Bg2 Rh7 30. f3 Nf6 31. Bh1 Bh3 32. Rh2 Rg8 33. Ree2 Kf8+ 34. Bg2
{(=)} 34... Rhg7 35. Qd2 Nh5 36. Kh1 Bxg2+ 37. Rhxg2 Ng3+ 38. Nxg3 Rh8+ 39. Kg1
fxg3 40. Qe1 Qh3 41. Kf1 Qh1+ 42. Rg1 Qxf3+ 0-1

[Event "FSV-ch 2013"]
[Site "Dortmund"]
[Date "2013.06.06"]
[Round "8.15"]
[White "Herrmann, Rudolf"]
[Black "Benke, Werner"]
[Result "0-1"]
[WhiteElo "1313"]
[BlackElo "1486"]
[PlyCount "45"]
[EventDate "2013.??.??"]

1. d4 d5 2. Nf3 Nf6 3. c4 e6 4. Nc3 Be7 5. e3 O-O 6. Be2 a6 7. cxd5 exd5 8. Qc2
Nbd7 9. Bd2 Re8 10. Bd3 h6 11. Na4 Bd6 12. a3 Ne4 13. Bb4 Ndf6 14. Bxd6 Qxd6
15. Ne5 b5 16. Nc3 Nxc3 17. Qxc3 Bb7 18. O-O Rac8 19. b4 Nd7 20. Bf5 Nxe5 21.
Bxc8 Nf3+ 22. gxf3 Bxc8 23. Qc6 $4 0-1

[Event "FSV-ch 2013"]
[Site "Dortmund"]
[Date "2013.06.06"]
[Round "8.16"]
[White "Jentzsch, Werner Wilfried"]
[Black "Tautz, Eugen"]
[Result "0-1"]
[WhiteElo "1387"]
[BlackElo "1450"]
[PlyCount "92"]
[EventDate "2013.??.??"]

1. d4 d5 2. Nc3 Nf6 3. Bf4 a6 4. Nf3 Nc6 5. Ne5 e6 6. e3 Be7 7. Bd3 Nb4 8. O-O
Nxd3 9. Qxd3 Nd7 10. Nf3 c5 11. e4 cxd4 12. Qxd4 Nf6 13. e5 Nd7 14. Be3 O-O 15.
Qg4 Kh8 16. Rfd1 Qc7 17. Bg5 Bxg5 18. Nxg5 Qxe5 19. Qh5 Qf5 20. Nxd5 exd5 21.
Rxd5 Qg6 22. Qh4 Kg8 23. Nxh7 Nf6 24. Nxf6+ Qxf6 25. Rg5 Bf5 26. c3 Rae8 27. f4
Bg6 28. Rd1 Re4 29. g3 Qb6+ 30. Kg2 Qxb2+ 31. Kf1 Qe2+ 32. Kg1 Qxd1+ 33. Kg2
Re2+ 34. Kh3 Qd2 35. f5 Rxh2+ 36. Kg4 Rxh4+ 37. Kxh4 Qh2+ 38. Kg4 Qe2+ 39. Kf4
Bh7 40. f6 g6 41. Re5 Qf2+ 42. Kg4 Qxf6 43. Rg5 Re8 44. Kh4 Re4+ 45. g4 Qf2+
46. Kh3 Re3# 0-1

[Event "FSV-ch 2013"]
[Site "Dortmund"]
[Date "2013.06.06"]
[Round "8.17"]
[White "Winkler, Harald"]
[Black "Schlepütz, Volker"]
[Result "1/2-1/2"]
[WhiteElo "1335"]
[BlackElo "1598"]
[PlyCount "110"]
[EventDate "2013.??.??"]

1. d4 Nf6 2. Nc3 d5 3. f3 Bf5 4. Bf4 c6 5. e3 Nbd7 6. Bd3 e6 7. g4 Bxd3 8. Qxd3
Be7 9. e4 dxe4 10. Nxe4 Nd5 11. Bg3 Qa5+ 12. c3 O-O 13. Ne2 Rad8 14. Bf2 N7f6
15. Nxf6+ Nxf6 16. O-O Bd6 17. Ng3 Rfe8 18. Rfe1 Qc7 19. a3 Nd5 20. Qc2 Nf4 21.
Kf1 Nh3 22. Rad1 Nxf2 23. Qxf2 g6 24. Kg2 f5 25. h3 c5 26. Re2 cxd4 27. Rxd4 e5
28. Rd1 Bc5 29. Qf1 Rxd1 30. Qxd1 Rd8 31. Rd2 Rxd2+ 32. Qxd2 Qf7 33. b4 Bb6 34.
a4 Kg7 35. a5 Bc7 36. Qd3 Qa2+ 37. Qe2 Qxe2+ 38. Nxe2 Kf6 39. c4 Ke6 40. Kf2 e4
41. Ke3 exf3 42. Kxf3 Ke5 43. Ke3 fxg4 44. hxg4 Bd8 45. Kf3 Bg5 46. b5 a6 47.
Ng3 Bd2 48. Ne4 Bxa5 49. bxa6 bxa6 50. Nc5 Kd4 51. Nxa6 Kxc4 52. Nb8 Kd5 53.
Nd7 h6 54. Nf6+ Ke6 55. Ne4 Bc7 {(=)} 1/2-1/2

[Event "FSV-ch 2013"]
[Site "Dortmund"]
[Date "2013.06.06"]
[Round "8.18"]
[White "Wangrin, Stefan A"]
[Black "Dirks, Rainer"]
[Result "0-1"]
[WhiteElo "1172"]
[BlackElo "1148"]
[PlyCount "76"]
[EventDate "2013.??.??"]

1. c4 e5 2. g3 Bc5 3. Bg2 Qf6 4. e3 Nh6 5. Nc3 Na6 6. a3 c6 7. Ne4 Qg6 8. Nxc5
Nxc5 9. b4 Nd3+ 10. Ke2 Ng4 11. f3 Ngf2 12. Qb3 Nxh1 13. Bxh1 Nxc1+ 14. Rxc1
O-O 15. e4 d6 16. Kf2 f5 17. d3 Qh6 18. c5+ Be6 19. Qc2 Qxh2+ 20. Ke3 Qxh1 21.
Ne2 Qh6+ 22. Kf2 f4 23. gxf4 exf4 24. cxd6 Qh2+ 25. Ke1 Qh1+ 26. Kf2 Qh4+ 27.
Kg1 Rf6 28. Nd4 Rg6+ 29. Kf1 Bh3+ 30. Ke2 Rg2+ 31. Kd1 Rxc2 32. Rxc2 Bf1 33.
Rd2 Qf6 34. Nc2 Qxd6 35. Ne1 Qd4 36. Nc2 Qg1 37. Ne1 Rd8 38. Kc2 Qg3 0-1

[Event "FSV-ch 2013"]
[Site "Dortmund"]
[Date "2013.06.06"]
[Round "8.19"]
[White "Pauli, Helmut"]
[Black "Böckmann, Lieselotte"]
[Result "0-1"]
[WhiteElo "1191"]
[BlackElo "998"]
[PlyCount "129"]
[EventDate "2013.??.??"]

1. d4 Nf6 2. c4 g6 3. Nc3 Bg7 4. e3 O-O 5. Bd3 d6 6. Nge2 Re8 7. O-O e6 8. Bd2
d5 9. cxd5 exd5 10. Rc1 c6 11. Ng3 Na6 12. a3 Nc7 13. h3 h5 14. Re1 h4 15. Nh1
Ne4 16. f4 Bf5 17. Nxe4 dxe4 18. Be2 Be6 19. Bc3 Nd5 20. Nf2 Nxe3 21. Qd2 Nf5
22. Nxe4 Bd5 23. Ng5 Ng3 24. Bf3 Bxf3 25. Nxf3 Ne4 26. Qc2 Nxc3 27. bxc3 Qc7
28. Qd2 Bh6 29. Rxe8+ Rxe8 30. Re1 Rxe1+ 31. Qxe1 Bxf4 32. Nxh4 Qd8 33. Nf3 Kg7
34. Qe4 Bd6 35. a4 f5 36. Qe2 c5 37. Qe6 Qe7 38. Qxe7+ Bxe7 39. c4 cxd4 40.
Nxd4 Bc5 41. Kf2 Bxd4+ 42. Ke2 b6 43. Kf3 g5 44. Kg3 Kg6 45. Kf3 Kf6 46. g3 Kg6
47. Kg2 a5 48. Kf3 Bc5 49. Ke2 Kf6 50. Kf3 Bd6 51. h4 gxh4 52. gxh4 Kg6 53. Ke3
Kh5 54. Kd4 Bc5+ 55. Ke5 Kg4 56. h5 Kxh5 57. Kxf5 Kh4 58. Ke4 Kg3 59. Kd3 Kf2
60. Kd2 Kf3 61. Kd3 Kf4 62. Kc3 Ke5 63. Kd3 Kf5 64. Kc3 Ke4 65. Kd2 0-1

[Event "FSV-ch 2013"]
[Site "Dortmund"]
[Date "2013.06.06"]
[Round "8.20"]
[White "Heinz, Hans-Werner"]
[Black "Sobottka, Hans-Gerald"]
[Result "1-0"]
[WhiteElo "1159"]
[BlackElo "878"]
[PlyCount "67"]
[EventDate "2013.??.??"]

1. e4 e5 2. Nf3 Nc6 3. c3 Nf6 4. d3 Be7 5. h3 d6 6. Be3 d5 7. Nbd2 O-O 8. Be2
b6 9. Qc2 Qd7 10. d4 exd4 11. cxd4 Nb4 12. Qb1 Qc6 13. Bd1 a5 14. a3 Na6 15. e5
Ne4 16. O-O Bf5 17. Qa2 Qg6 18. Nh2 Bxh3 19. Bf3 Bh4 20. b3 Nc3 21. Qb2 Ne2+
22. Kh1 Ng3+ 23. fxg3 Bxg3 24. gxh3 Rae8 25. Rg1 Qd3 26. Ndf1 Bxh2 {(=)} 27.
Kxh2 f5 28. Rd1 Qb5 29. Bf4 Qd7 30. Ne3 h6 31. Bxh6 Rf7 32. Bxd5 f4 33. Bxf7+ (
33. Rxg7+ $1 Kh8 34. Bxf7) 33... Qxf7 34. Rxg7+ 1-0

[Event "FSV-ch 2013"]
[Site "Dortmund"]
[Date "2013.06.06"]
[Round "8.21"]
[White "Schmidt, Andreas N"]
[Black "Schlettig, Hans-Joachim"]
[Result "1-0"]
[WhiteElo "919"]
[BlackElo "1194"]
[PlyCount "55"]
[EventDate "2013.??.??"]

1. e4 e5 2. d4 exd4 3. c3 dxc3 4. Bc4 c6 5. Ne2 cxb2 6. Bxb2 Qb6 7. Qb3 Qxb3 8.
Bxb3 Bb4+ 9. Nbc3 Nf6 10. a3 Ba5 11. O-O O-O 12. Nd4 b6 13. Nf5 Bxc3 14. Bxc3
Nxe4 15. Bxg7 d5 16. Bxf8 Bxf5 17. Bh6 Nd7 18. g4 Bxg4 19. f3 Ndc5 20. Bc2 Bf5
21. fxe4 Bxe4 22. Bxe4 Nxe4 23. Rf5 Nd6 24. Rf6 Ne4 25. Rxc6 Re8 26. Rac1 Nc5
27. Rf1 Re6 28. Rc8+ 1-0

[Event "FSV-ch 2013"]
[Site "Dortmund"]
[Date "2013.06.20"]
[Round "9.2"]
[White "Zelt, Jens"]
[Black "Ropers, Klaus"]
[Result "1/2-1/2"]
[WhiteElo "2031"]
[BlackElo "1690"]
[PlyCount "169"]
[EventDate "2013.??.??"]

1. d4 Nf6 2. Nf3 c5 3. c3 e6 4. Bf4 b6 5. e3 Bb7 6. Nbd2 Nc6 7. Be2 Be7 8. h3
O-O 9. O-O d5 10. Rc1 Rc8 11. Re1 Qd7 12. Bd3 Rfd8 13. Qe2 Bf8 14. Bb1 Ne7 15.
Ne5 Qe8 16. Red1 Ng6 17. Bg3 Ne4 18. Nxe4 dxe4 19. dxc5 Bxc5 20. Bc2 Rxd1+ 21.
Rxd1 Rd8 22. Ba4 Rxd1+ 23. Qxd1 b5 24. Nd7 bxa4 25. Nxc5 Bc6 26. Qd4 a3 27.
bxa3 Qe7 28. Qd6 Qxd6 29. Bxd6 Nf8 30. Bb8 a5 31. a4 Nd7 32. Nxd7 Bxd7 33. Bc7
Bxa4 34. Bxa5 Kf8 35. Kf1 Ke8 36. Ke2 Bb5+ 37. Ke1 Kd7 38. g3 Kc6 39. Kd2 Kc5
40. Bd8 Kc4 41. h4 g6 42. Bf6 Bc6 43. Ke2 Bb5 44. f3 Bc6 45. fxe4 Bxe4 46. a4
h5 47. Kd2 Bc6 48. a5 Bb5 {(=)} 49. Ke2 Bc6 50. a6 Be4 51. a7 Kb3 52. Kd2 Kc4
53. Be5 Kb3 54. Bd6 Kc4 55. Bb4 Kb3 56. a8=B Bxa8 57. Kd3 Bf3 58. Bd6 Bd5 59.
Kd4 Bc4 60. Be5 Be2 61. Ke4 Kc4 62. Bd4 Bg4 63. Ke5 Bh3 64. Kf6 Kd5 65. Kxf7
Bf5 66. Kf6 Bd3 67. Ba7 Bf5 68. Bb8 Bd3 69. Kg5 Bf5 70. Kf4 Bd3 71. Be5 Be2 72.
Bg7 Kc4 73. Ke4 Bg4 74. Bd4 Bf5+ 75. Ke5 Kd3 76. Kf4 Bg4 77. Ke5 Bf5 78. Kd6
Kc4 79. Be5 Bg4 80. Ke7 Kd3 81. Kd7 Kc4 82. Kd6 Bf5 83. Bd4 Bg4 84. Ke5 Kd3 85.
Kd6 1/2-1/2

[Event "FSV-ch 2013"]
[Site "Dortmund"]
[Date "2013.06.20"]
[Round "9.3"]
[White "Begna, Bozidar"]
[Black "Khess, Igor"]
[Result "1/2-1/2"]
[WhiteElo "1933"]
[BlackElo "1837"]
[PlyCount "115"]
[EventDate "2013.??.??"]

1. d3 e5 2. Nf3 Nc6 3. e4 Nf6 4. Be2 Be7 5. O-O O-O 6. Nbd2 d6 7. Re1 Re8 8.
Nf1 Bf8 9. Bg5 h6 10. Bh4 g6 11. Ne3 Be7 12. c3 Ng4 13. Bxe7 Nxe7 14. d4 Nxe3
15. fxe3 Nc6 16. Bc4 Qe7 17. b4 Nd8 18. Qc2 Be6 19. Bb3 f6 20. Qf2 Nf7 21. Qg3
Kh7 22. Rab1 Bxb3 23. Rxb3 Ng5 {(=)} 24. Nd2 h5 25. h4 Nf7 26. Rf1 Nh6 27. Rf3
Kg7 28. Rb1 Ng4 29. Rbf1 Rf8 30. Qe1 Qe6 31. Qb1 Qd7 32. Qb3 Qf7 33. c4 Qe6 34.
d5 Qd7 35. c5 b6 36. cxd6 cxd6 37. Rc1 Rac8 38. Rff1 Rxc1 39. Rxc1 Rc8 40. Rxc8
Qxc8 41. Qc4 Qd8 42. Qc3 Nh6 43. Qc6 Qe7 44. b5 Nf7 45. g3 Nd8 46. Qc8 Nf7 47.
Kg2 g5 48. Nf3 gxh4 49. Nxh4 Nh6 50. Nf5+ Nxf5 51. exf5 Kh7 52. Qe6 Qg7 53.
Qxd6 h4 54. Kf1 hxg3 55. Kg2 Qh6 56. Qe7+ Kh8 57. Qe8+ Kh7 58. Qf7+ {(=)}
1/2-1/2

[Event "FSV-ch 2013"]
[Site "Dortmund"]
[Date "2013.06.20"]
[Round "9.4"]
[White "Schütz, Ralf"]
[Black "Nagel, Frank"]
[Result "0-1"]
[WhiteElo "1881"]
[BlackElo "1623"]
[PlyCount "94"]
[EventDate "2013.??.??"]

1. d4 d5 2. c4 e6 3. Nc3 Nf6 4. Nf3 Be7 5. g3 b6 6. Ne5 O-O 7. Bg2 Bb7 8. O-O
Nbd7 9. Nxd7 Qxd7 10. cxd5 Nxd5 11. e4 Nf6 12. Be3 Rac8 13. Qe2 c5 14. Rfd1
cxd4 15. Rxd4 Qc6 16. Rc1 Bc5 17. Nb5 Ba6 18. a4 Bxb5 19. axb5 Qe8 20. Ra4 Bxe3
21. Rxc8 Bxf2+ 22. Qxf2 Qxc8 23. e5 Nd7 24. Rxa7 Qc1+ 25. Qf1 Qc5+ 26. Qf2 Qxb5
27. Qd4 Nxe5 28. Ra8 Qc5 29. Rxf8+ Kxf8 30. Qxc5+ bxc5 31. Be4 h6 32. Kf2 Ke7
33. Ke2 Kd6 34. Kd2 f5 35. Bg2 g5 36. h3 h5 37. Kc3 f4 38. gxf4 gxf4 39. b4
cxb4+ 40. Kxb4 f3 41. Bf1 Kd5 42. Kc3 Ke4 43. Kd2 Kf4 44. Ba6 Nf7 45. Bc4 Ng5
46. h4 Ne4+ 47. Ke1 Ke3 0-1

[Event "FSV-ch 2013"]
[Site "Dortmund"]
[Date "2013.06.20"]
[Round "9.5"]
[White "Schulz-Runge, Michael"]
[Black "Bommert, Christian"]
[Result "0-1"]
[WhiteElo "1734"]
[BlackElo "1752"]
[PlyCount "80"]
[EventDate "2013.??.??"]

1. c4 f5 2. Nf3 Nf6 3. Nc3 g6 4. d3 Bg7 5. e4 d6 6. Be3 e5 7. Be2 f4 8. Bd2 Nc6
9. Nd5 O-O 10. b4 Bg4 11. Rc1 Bxf3 12. gxf3 Nd4 13. Bf1 c6 14. Nc3 d5 15. cxd5
cxd5 16. Bh3 dxe4 17. dxe4 Ne8 18. Nd5 Qh4 19. Bg2 b5 20. Bc3 Nd6 21. Bxd4 exd4
22. Qd3 Nc4 23. O-O Rad8 24. Nc7 Qe7 25. Nxb5 Ne5 26. Qb3+ Kh8 27. Nc7 Rd6 28.
Nd5 Qg5 29. Kh1 Qh5 30. Rc5 g5 31. Rfc1 Rh6 32. h3 d3 33. Qd1 g4 34. fxg4 Nxg4
35. Kg1 f3 36. Nf6 Qh4 37. Nxg4 fxg2 38. Qxd3 Rg6 39. Qg3 Rxg4 40. Qxg4 Qxf2+
0-1

[Event "FSV-ch 2013"]
[Site "Dortmund"]
[Date "2013.06.20"]
[Round "9.6"]
[White "Büdel, Jürgen"]
[Black "Sonntag, Joachim"]
[Result "0-1"]
[WhiteElo "1606"]
[BlackElo "1777"]
[PlyCount "80"]
[EventDate "2013.??.??"]

1. e4 c5 2. c3 d5 3. e5 Nc6 4. f4 Nh6 5. Be2 Bf5 6. Nf3 e6 7. O-O Be7 8. d3 O-O
9. a4 a6 10. h3 Qb6 11. Kh2 Rad8 12. Qe1 Na5 13. Nbd2 Bg6 14. Nh4 Qc7 15. b3
Nf5 16. Nxf5 Bxf5 17. g4 Bg6 18. f5 Qxe5+ 19. Kg2 exf5 20. gxf5 Bxf5 21. Nf3
Qe6 22. Ng5 Bxg5 23. Bxg5 Bxh3+ 24. Kh1 f6 25. Bh4 Bxf1 26. Qxf1 Nc6 27. Re1
Qd6 28. Qg2 Qf4 29. Bg3 Qg5 30. Bf3 Kh8 31. c4 Nb4 32. cxd5 Nxd5 33. Re4 b5 34.
axb5 axb5 35. Rh4 Ne7 36. Qf2 Nf5 37. Rg4 Nxg3+ 38. Qxg3 Qd2 39. Rxg7 Qh6+ 40.
Bh5 Qxg7 0-1

[Event "FSV-ch 2013"]
[Site "Dortmund"]
[Date "2013.06.20"]
[Round "9.7"]
[White "Dite, Alexander"]
[Black "Guddat, Jörn"]
[Result "0-1"]
[WhiteElo "1695"]
[BlackElo "1770"]
[PlyCount "53"]
[EventDate "2013.??.??"]

1. d4 d5 2. c4 e6 3. Nc3 c5 4. Nf3 Nc6 5. cxd5 exd5 6. g3 Nf6 7. Bg2 Be7 8. O-O
O-O 9. dxc5 Bxc5 10. Na4 Be7 11. Nd4 Ne5 12. Nc3 Re8 13. Bg5 Nc4 14. b3 Nb6 15.
h3 h6 16. Bc1 Bb4 17. Bb2 Bxc3 18. Bxc3 Ne4 19. Bb2 Be6 20. Kh2 Rc8 21. Rc1 Nd7
22. e3 Ndc5 23. b4 Nd7 24. a3 Nb6 25. Qd3 Nc4 26. Ba1 Ncd6 27. Rfd1 {
und Weiss gab auf, ohne die Antwort 27...Sxf2 abzuwarten.} 0-1

[Event "FSV-ch 2013"]
[Site "Dortmund"]
[Date "2013.06.20"]
[Round "9.8"]
[White "Khess, Roman"]
[Black "Gennat, Egon L"]
[Result "1/2-1/2"]
[WhiteElo "1617"]
[BlackElo "1430"]
[PlyCount "58"]
[EventDate "2013.??.??"]

1. c4 c5 2. Nc3 Nc6 3. g3 g6 4. Bg2 Bg7 5. Nf3 e5 6. d3 Nge7 7. Bg5 f6 8. Bd2
O-O 9. O-O d6 10. Qc1 Nf5 11. e4 Nfd4 12. Nxd4 Nxd4 13. Qd1 Rb8 14. Ne2 f5 15.
Nxd4 cxd4 16. Qc1 b6 17. b4 Bb7 18. f3 fxe4 19. fxe4 Qd7 20. b5 Rbc8 21. Qa3
Ba8 22. Qc1 Rxf1+ 23. Qxf1 Rf8 24. Qe2 Bb7 25. a4 a5 26. Rf1 Rxf1+ 27. Qxf1 Qf7
28. Bh3 Qxf1+ 29. Kxf1 Bf6 {(=)} 1/2-1/2

[Event "FSV-ch 2013"]
[Site "Dortmund"]
[Date "2013.06.20"]
[Round "9.9"]
[White "Rzoczek, Christoph"]
[Black "Grube, Jörg"]
[Result "0-1"]
[WhiteElo "1553"]
[BlackElo "1801"]
[PlyCount "28"]
[EventDate "2013.??.??"]

1. e4 e5 2. Nf3 Nc6 3. Bc4 Nf6 4. d3 Bc5 5. O-O d6 6. Bg5 h6 7. Bh4 g5 8. Bg3
h5 9. Nxg5 h4 10. Nxf7 hxg3 11. hxg3 Qe7 12. Nxh8 Qh7 13. Qd2 Ng4 14. Bf7+ Kd7
0-1

[Event "FSV-ch 2013"]
[Site "Dortmund"]
[Date "2013.06.20"]
[Round "9.10"]
[White "Boeck, Matthias"]
[Black "Benke, Werner"]
[Result "0-1"]
[WhiteElo "1698"]
[BlackElo "1486"]
[PlyCount "56"]
[EventDate "2013.??.??"]

1. f4 Nf6 2. Nf3 d5 3. g3 e6 4. Bg2 b6 5. O-O Bb7 6. h3 Be7 7. d3 Nbd7 8. Qe1
O-O 9. g4 c5 10. Nh2 Qc7 11. e4 dxe4 12. dxe4 h6 13. c3 Rfd8 14. Na3 a6 15. Qe2
b5 16. c4 Bc6 17. e5 Nh7 18. Bxc6 Qxc6 19. cxb5 axb5 20. Nxb5 Nb6 21. Nc3 c4
22. Be3 Rd3 23. Rf3 Nf8 24. Rd1 Rad8 25. Rxd3 Rxd3 26. Bc1 Bc5+ 27. Kf1 Ng6 28.
Rxd3 Qh1# 0-1

[Event "FSV-ch 2013"]
[Site "Dortmund"]
[Date "2013.06.20"]
[Round "9.11"]
[White "Raskin, Vitali"]
[Black "Yangibayev, Rustam"]
[Result "1-0"]
[WhiteElo "1676"]
[BlackElo "1517"]
[PlyCount "85"]
[EventDate "2013.??.??"]

1. Nf3 c6 2. e4 d5 3. exd5 cxd5 4. d4 Nf6 5. c4 e6 6. Nc3 Qa5 7. Bd2 Qc7 8.
cxd5 Nxd5 9. Rc1 Qd8 10. Bc4 Nxc3 11. bxc3 Be7 12. Rb1 Nc6 13. O-O O-O 14. Qe2
a6 15. a4 Qc7 16. Qe4 Rd8 17. Bd3 g6 18. c4 Bf6 19. Bf4 e5 20. dxe5 Bf5 21.
exf6 Bxe4 22. Bxc7 Rxd3 23. Ng5 Rd7 24. Nxe4 Rxc7 25. c5 Ne5 26. Rfd1 Re8 27.
Nd6 Rb8 28. f3 Nd7 29. c6 bxc6 30. Rxb8+ Nxb8 31. Re1 Nd7 32. Re7 c5 33. Nxf7
c4 34. Ne5 c3 35. f7+ Kf8 36. Re8+ Kg7 37. Rg8+ Kh6 38. Nxd7 c2 39. f8=Q+ Kh5
40. Nf6+ Kg5 41. Ne4+ Kh5 42. g4+ Kh4 43. Qh6# 1-0

[Event "FSV-ch 2013"]
[Site "Dortmund"]
[Date "2013.06.20"]
[Round "9.12"]
[White "Link, Werner"]
[Black "Dieckmann, Rudolf"]
[Result "1/2-1/2"]
[WhiteElo "1402"]
[BlackElo "1601"]
[PlyCount "88"]
[EventDate "2013.??.??"]

1. e4 c5 2. Nf3 Nc6 3. g3 e5 4. Bg2 Nf6 5. d3 h6 6. O-O d5 7. Nbd2 Be7 8. Re1
d4 9. a4 b6 10. Nc4 Qc7 11. Bd2 Be6 12. b3 g5 13. c3 O-O-O 14. cxd4 exd4 15. a5
b5 16. Na3 a6 17. e5 Nd5 18. Nc2 b4 19. Rc1 Nc3 20. Bxc3 bxc3 21. Rb1 Nxa5 22.
b4 Nb3 23. Na1 Nxa1 24. Rxa1 cxb4 25. Qa4 Qb6 26. Qxa6+ Qxa6 27. Rxa6 Bd5 28.
Rea1 c2 29. Nxd4 Bxg2 30. Kxg2 Rxd4 31. Rc6+ Kd7 32. Rxc2 Rb8 33. Ra7+ Ke8 34.
Rcc7 Bf8 35. Rxf7 Bc5 36. Rh7 Rbd8 37. Rab7 R4d7 38. Rh8+ Bf8 39. Rxb4 Rxd3 40.
Rb6 Kf7 41. Rf6+ Kg7 42. Rhxh6 Kg8 43. Rhg6+ Bg7 44. Rxg5 Rf8 {und es ist
r zu verstehen, warum Weiss nun nicht mehr auf Gewinn spielt ...} 1/2-1/2

[Event "FSV-ch 2013"]
[Site "Dortmund"]
[Date "2013.06.20"]
[Round "9.13"]
[White "Tautz, Eugen"]
[Black "Reinacher, Detlev"]
[Result "1/2-1/2"]
[WhiteElo "1450"]
[BlackElo "1530"]
[PlyCount "41"]
[EventDate "2013.??.??"]

1. c4 Nf6 2. Nc3 g6 3. d4 Bg7 4. Nf3 d6 5. e4 Nbd7 6. Be3 c6 7. g3 Qc7 8. Bg2
a6 9. Rc1 O-O 10. O-O b6 11. b3 Bb7 12. Qc2 e5 13. d5 c5 14. Ng5 h6 15. Nf3 Kh7
16. Bd2 Rae8 17. Rfe1 Ng8 18. Nh4 Bc8 19. Bh3 Ndf6 20. Bxc8 Qxc8 21. f3 1/2-1/2

[Event "FSV-ch 2013"]
[Site "Dortmund"]
[Date "2013.06.20"]
[Round "9.14"]
[White "Schlepütz, Volker"]
[Black "Wickenfeld, Udo"]
[Result "1-0"]
[WhiteElo "1598"]
[BlackElo "1348"]
[PlyCount "43"]
[EventDate "2013.??.??"]

1. d4 Nf6 2. c4 g6 3. Nc3 Bg7 4. e4 d6 5. Nf3 O-O 6. Be2 e5 7. O-O Nc6 8. d5
Ne7 9. b4 c6 10. Qb3 Nd7 11. Rd1 Qc7 12. Be3 f5 13. dxc6 Nxc6 14. Nb5 Qb8 15.
Nxd6 Nd8 16. c5+ Kh8 17. Ng5 fxe4 18. Ngf7+ ({Die Aufzeichnungen der Spieler
lassen die tatsaechliche Zugfolge nicht erkennen. Moeglicherweise geschah (mit
demselben Resultat):} 18. Ndf7+ Nxf7 19. Nxf7+ Kg8 20. Nh6+ Kh8 21. Qg8+ Rxg8
22. Nf7#) 18... Nxf7 19. Nxf7+ Kg8 20. Nh6+ Kh8 21. Qg8+ Rxg8 22. Nf7# 1-0

[Event "FSV-ch 2013"]
[Site "Dortmund"]
[Date "2013.06.20"]
[Round "9.16"]
[White "Vogt, Christian"]
[Black "Gerke, Dieter"]
[Result "1/2-1/2"]
[WhiteElo "1540"]
[BlackElo "1478"]
[PlyCount "40"]
[EventDate "2013.??.??"]

1. d4 Nf6 2. c4 e6 3. Nc3 d5 4. cxd5 exd5 5. Bg5 Be7 6. e3 c6 7. Bd3 O-O 8.
Nge2 Be6 9. O-O Nbd7 10. Rb1 Rc8 11. b4 h6 12. Bh4 Bg4 13. Qc2 a5 14. a3 axb4
15. axb4 Ra8 16. h3 Bxe2 17. Qxe2 Qb6 18. b5 Ra3 19. bxc6 Qxc6 20. Nb5 Ra5 {(=)
} 1/2-1/2